000 00333 a2200109 4500
001 ART_30517
005 20260410162003.0
008 260409a
245 1 0 _aLa constitución y la defensa del orden democrático
100 1 _aSerrafero, Mario Daniel
773 0 _tForo político
_g- Vol. XXV (abr. 1999)
_wREV30389
999 _c31489
_d31489